00390nam a2200145Ia 450000500170000000800410001708200230005824500270008126000520010830000170016065000120017765000210018965000090021070000250021920250306061744.0240331s9999 xx 000 0 und d bKAT25781a894.812 0aKaattavarayan Naatakam aJaffnabFolk Arts Panel, Cultural Councilc1986 axxx, 172 p., aBallads aTamil Literature aArts aBalasundaram, Eeedt